India and Central Asia: (Record no. 9537)

MARC details
000 -LEADER
fixed length control field 00834 a2200205 4500
010 ## - LIBRARY OF CONGRESS CONTROL NUMBER
LC control number ENG-88950
020 ## - INTERNATIONAL STANDARD BOOK NUMBER
International Standard Book Number 9780195686470
Terms of availability 595.00
035 ## - SYSTEM CONTROL NUMBER
System control number EN-72483
037 ## - SOURCE OF ACQUISITION
Source of stock number/acquisition DBAD / PUB
082 14 - DEWEY DECIMAL CLASSIFICATION NUMBER
Classification number 303.4825405
090 ## - LOCALLY ASSIGNED LC-TYPE CALL NUMBER (OCLC); LOCAL CALL NUMBER (OCLC)
-- 9714
-- 9714
245 1# - TITLE STATEMENT
Title India and Central Asia:
Statement of responsibility, etc edited by Scott C. Levi
Remainder of title commerce and culture, 1500-1800 /
260 ## - PUBLICATION, DISTRIBUTION, ETC. (IMPRINT)
Place of publication, distribution, etc New Delhi
Name of publisher, distributor, etc Oxford University Press
Date of publication, distribution, etc 2008
300 ## - PHYSICAL DESCRIPTION
Extent vi, 283p. ;
Dimensions 22 cm (Hb)
490 ## - SERIES STATEMENT
Series statement Oxford in India readings : debates in Indian history and society / edited by Sabyasachi Bhattacharya, B.R. Chattopadhyaya [and] Richard M. Eaton
500 ## - GENERAL NOTE
General note Includes bibliographical references and index
700 ## - ADDED ENTRY--PERSONAL NAME
Personal name Levi, Scott C.
942 ## - ADDED ENTRY ELEMENTS (KOHA)
Institution code [OBSOLETE] dpl
Koha item type English Books
Call number prefix 303.4825405 / IND
Holdings
Withdrawn status Lost status Source of classification or shelving scheme Damaged status Not for loan Collection code Home library Current library Source of acquisition Cost, normal purchase price Total Checkouts Full call number Barcode Date last seen Copy number Uniform Resource Identifier Cost, replacement price Price effective from Koha item type
    Dewey Decimal Classification   Not For Loan Non-fiction D.B.Act.Division D.B.Act.Division DBAD/PUB 595.00   303.4825405 EN-72483 15/09/2008 1 10523 595.00 15/09/2008 English Books

© Delhi Public Library
Hit Counter
free hit counter